Evolución histórica de la población de Costa Rica (1840-1940) (Registro nro. 10158)
[ vista simple ]
| 000 -CABECERA | |
|---|---|
| campo de control de longitud fija | 00527nam a22002057a 4500 |
| 005 - FECHA Y HORA DE ACTUALIZACIÓN | |
| campo de control | 20171213142833.0 |
| 008 - LONGITUD FIJA | |
| campo de control de longitud fija | 171213b xxu||||| |||| 00| 0 spa d |
| 041 ## - IDIOMA | |
| Código de idioma del texto/pista de sonido o título separado | |
| 082 ## - CLASIFICACIÓN DECIMAL DEWEY | |
| Número de clasificación | 972.86 G643e |
| 100 ## - AUTOR PERSONAL | |
| Nombre de persona | González Salas, Edwin |
| 245 ## - TÍTULO PROPIAMENTE DICHO | |
| Título | Evolución histórica de la población de Costa Rica (1840-1940) |
| 260 ## - PIE DE IMPRENTA | |
| Lugar de publicación, distribución, etc. | Costa Rica |
| 260 ## - PIE DE IMPRENTA | |
| Nombre del editor, distribuidor, etc. | EUNED |
| 260 ## - PIE DE IMPRENTA | |
| Fecha de publicación, distribución, etc. | 1992 |
| 300 ## - DESCRIPCIÓN FÍSICA | |
| Extensión | 96 páginas |
| 650 ## - Materia General | |
| Materia general | COSTA RICA |
| 650 ## - Materia General | |
| Materia general | HISTORIA |
| 650 ## - Materia General | |
| Materia general | POBLACIÓN |
| 942 ## - Punto de Acceso Adicional Koha | |
| Tipo de ítem Koha | Libro |
| Estado perdido | Estado dañado | No para préstamo | Biblioteca permanente | Biblioteca actual | Signatura completa | Código de barras | Precio efectivo a partir del | Tipo de ítem |
|---|---|---|---|---|---|---|---|---|
| Departamento de Biblioteca y Documentación Alfonso Chase Brenes | Departamento de Biblioteca y Documentación Alfonso Chase Brenes | 972.86 G643e | 2131 | 13/12/2017 | Libro | |||
| Departamento de Biblioteca y Documentación Alfonso Chase Brenes | Departamento de Biblioteca y Documentación Alfonso Chase Brenes | 972.86 G643e | 4200 | 13/12/2017 | Libro |